Calculus/ (Record no. 39995)

MARC details
000 -LEADER
fixed length control field 00578nam a22001697a 4500
008 - FIXED-LENGTH DATA ELEMENTS--GENERAL INFORMATION
fixed length control field 120116t xxu||||| |||| 00| 0 eng d
020 ## - INTERNATIONAL STANDARD BOOK NUMBER
International Standard Book Number 09614088
050 ## - LIBRARY OF CONGRESS CALL NUMBER
Classification number QA303
Item number .S77 1991
100 ## - MAIN ENTRY--PERSONAL NAME
Personal name Strang, Gilbert
245 ## - TITLE STATEMENT
Title Calculus/
Statement of responsibility, etc Gilbert Strang
260 ## - PUBLICATION, DISTRIBUTION, ETC. (IMPRINT)
Place of publication, distribution, etc USA;
Name of publisher, distributor, etc Wellesley-Cambridge Press,
Date of publication, distribution, etc 1991
300 ## - PHYSICAL DESCRIPTION
Extent Xii, 614p.
500 ## - GENERAL NOTE
General note Includes index
650 ## - SUBJECT ADDED ENTRY--TOPICAL TERM
Topical term following geographic name as entry element Calculus
942 ## - ADDED ENTRY ELEMENTS (KOHA)
Source of classification or shelving scheme Library of Congress Classification
Item type Book
Holdings
Withdrawn status Lost status Source of classification or shelving scheme Damaged status Not for loan Collection code Home library Current library Shelving location Date acquired Source of acquisition Total Checkouts Total Renewals Full call number Barcode Date last borrowed Copy number Price effective from Koha item type
    Library of Congress Classification     Non-fiction Bishop Okullu Memorial Library (Limuru Campus) Bishop Okullu Memorial Library (Limuru Campus) General Circulation 16/01/2012 donation 26 1 QA303 .S77 1991 029936 12/11/2022 1 16/01/2012 Book